[Event "Toledo Provincial ch"]
[Site "Toledo"]
[Date "2017.03.12"]
[Round "3"]
[White "Bustos Bernardo, Samuel"]
[Black "Rojas Gomez, Fernando"]
[Result "1-0"]
[WhiteElo "2089"]
[BlackElo "1815"]
[PlyCount "89"]
[EventDate "2017.03.05"]
[EventType "swiss"]
[EventRounds "7"]
[EventCountry "ESP"]
[SourceTitle "EXT 2024"]
[Source "ChessBase"]
[SourceDate "2023.10.10"]
[SourceVersion "1"]
[SourceVersionDate "2023.10.10"]
[SourceQuality "1"]

1. Nf3 Nf6 2. c4 g6 3. Nc3 d5 4. Qa4+ c6 5. cxd5 Nxd5 6. Qd4 Nf6 7. Qxd8+ Kxd8 8. e4 Bg7 9. Bc4 e6 10. d4 b5 11. Bd3 Bb7 12. 0-0 b4 13. Na4 Nbd7 14. Bg5 h6 15. Bd2 a5 16. Rfd1 Ke7 17. a3 bxa3 18. Rxa3 Rhb8 19. Bf4 Rc8 20. Ne5 g5 21. Bg3 Ba6 22. f3 Bb5 23. Nc4 Bxc4 24. Bxc4 Nh5 25. Bf2 Nf4 26. Bf1 Rab8 27. g3 Ng6 28. Be1 Ra8 29. e5 Ke8 30. Rc1 Bf8 31. Rb3 Ne7 32. Rbc3 Nd5 33. Rxc6 Rxc6 34. Rxc6 Nb4 35. Rc7 Rb8 36. Nc3 Nc2 37. Bf2 Kd8 38. Ra7 Rxb2 39. Bb5 Nb8 40. d5 Bb4 41. Bb6+ Kc8 42. Rc7+ Kd8 43. Rxf7+ Kc8 44. Rc7+ Kd8 45. Nd1 1-0